The big book of things to do and make. (Record no. 9116)
[ view plain ]
| 000 -LEADER | |
|---|---|
| fixed length control field | 00676nam a22002292a 4500 |
| 001 - CONTROL NUMBER | |
| JCCL Control Number | 9116 |
| 003 - CONTROL NUMBER IDENTIFIER | |
| JCCL marc code | BD - JhCC |
| 005 - DATE AND TIME OF LATEST TRANSACTION | |
| control field | 20180308182753.0 |
| 008 - FIXED-LENGTH DATA ELEMENTS--GENERAL INFORMATION | |
| fixed length control field | 500101s1961 nyua j 000 0 eng d |
| 035 ## - SYSTEM CONTROL NUMBER | |
| system control number | OCLC ocm00932468 from D950727M |
| -- | (BD - JhCC)9116 |
| 040 ## - CATALOGING SOURCE | |
| Original cataloging agency | DLC |
| Transcribing agency | CXP |
| Modifying agency | SER |
| -- | EQO |
| -- | BD - JhCC |
| 041 ## - LANGUAGE CODE | |
| Language code of Book | eng |
| 050 #0 - LIBRARY OF CONGRESS CALL NUMBER | |
| Classification number | GV1201 |
| Item number | .F56 |
| 082 ## - DEWEY DECIMAL CLASSIFICATION NUMBER | |
| Classification number | 372.5 |
| Author mark and Year | FLE 1961 |
| 100 1# - MAIN ENTRY--PERSONAL NAME | |
| Personal name | Fletcher, Helen Jill, |
| Dates associated with a name | 1910- |
| 245 14 - TITLE STATEMENT | |
| Title | The big book of things to do and make. |
| Remainder of title | Illustrated by Ingrid Fetz |
| 260 ## - PUBLICATION, DISTRIBUTION, ETC. (IMPRINT) | |
| Place of publication, distribution, etc | New York : |
| Name of publisher, distributor, etc | Random House, |
| Date of publication, distribution, etc | [1961] |
| 300 ## - PHYSICAL DESCRIPTION | |
| Pagination | 64 p. |
| Other physical details | illus. |
| Dimensions | 29 cm |
| 650 #0 - SUBJECT ADDED ENTRY--TOPICAL TERM | |
| Topical term or geographic name as entry element | Creative activities and seat work |
| 942 ## - ADDED ENTRY ELEMENTS (KOHA) | |
| Source of classification or shelving scheme | Dewey Decimal Classification |
| Koha item type | Books |
| Source of classification or shelving scheme | Damaged status | Not for loan | Home library | Current library | Shelving location | Total Checkouts | Full call number | Barcode | Date last seen | Copy number | Koha item type |
|---|---|---|---|---|---|---|---|---|---|---|---|
| Dewey Decimal Classification | JCC Rouf Library | JCC Rouf Library | General Stacks | 372.5 FLE 1961 | 12118 | 03/08/2018 | C - 1 | Books |